000
00319nam a2200121Ia 4500
005
20251222144655.0
008
251222s9999||||xx |||||||||||||| ||spa||
082
_a
338.14/P78
100
_a
Portocarrero Maisch, Javier
245
0
_a
Los Hogares Rurales del Perú:
264
_b
Fundación Friedrich Ebert
942
_c
LIB
999
_c
17232
_d
17232